00669nam a2200181 a 450000100060000000300090000600800410001504000280005608200160008411000180010024501110011826001190022930000160034849000420036465000370040665000300044365000140047312768CO-ViMGA141112s2004 ck r 000 u spa d aCO-ViMGAbspacCO-ViMGA04a350.002 B15 aBanco Mundial10aColombia : bEstudio sobre la capacidad de los Gobiernos Locales : bMás allá de la Asistencia Tecnica aWashington : bThe World Bank, cDepartamento III División de Operaciones I América Latina y el caribe, c1995 a60p. : il.5 aDocumento del Banco Mundial - informe14aDESCENTRALIZACION ADMINISTRATIVA14aGOBIERNO LOCAL - COLOMBIA14aLIDERAZGO